Представление документа в формате MARC21

ПолеНазваниеЗначение
  Тип записи a
  Библиографический уровень m
001 Контрольный номер RU/URAIT/588348
005 Дата корректировки 20260429163600.1
008 Кодируемые данные 260429s2026 RU y f j 000 0 rus u
020 Индекс ISBN __
a ISBN 978-5-534-13502-2
c Цена, тираж 809.00
040 Источник каталогиз. __
a Служба первич. каталог. ИКО Юрайт
c Служба, преобразующая запись ИКО Юрайт
e Правила каталог. RCR
041 Код языка издания __
a Код языка текста rus
044 Код страны публикации __
a Код страны публикации RU
080 Индекс УДК __
a Индекс УДК 911.5/.9(075.32)
084 Индекс другой классификации/Индекс ББК __
2 Источник индекса rubbk
a Индекс другой классификации/Индекс ББК 65.32-5я723
100 Автор __
a Автор Мишнина Е. И.
q Полное имя Мишнина Елена Ивановна
245 Заглавие __
a Заглавие Учебная и производственная практика географов
b Продолж. заглавия учебник для спо
c Ответственность Е. И. Мишнина [и др.] ; под редакцией Л. А. Ружинской.
250 Сведения об издании __
g испр. и доп
a Основные сведения об издании 2-е изд.
256 Характеристики компьютерного файла __
a Характеристики компьютерного файла Электрон. дан.
260 Выходные данные __
a Место издания Москва
b Издательство Юрайт
c Дата издания 2026
300 Физическое описание __
a Объем 166 с
440 Серия __
a Серия Профессиональное образование
500 Примечания __
a Примечание URL: https://urait.ru/bcode/588348 (дата обращения: 29.04.2026).
520 Аннотация __
a Аннотация Курс содержит основные требования к организации и проведению учебных и производственных практик в соответствии с нормами Федерального государственного образовательного стандарта среднего профессионального образования. Сформулированы задачи, определены места и условия проведения практик, раскрыты важнейшие изучаемые вопросы, даны методические рекомендации. Приведены материалы по полевым методам исследований. В приложениях представлены образцы заполнения форм отчетности. Соответствует актуальным требованиям Федерального государственного образовательного стандарта среднего профессионального образования и профессиональным требованиям. Для студентов образовательных учреждений среднего профессионального образования.
538 Прим. о системных особенностях __
a Прим. о системных особенностях Режим доступа: Электронно-библиотечная система Юрайт, для авториз. пользователей
653 Ключевые слова __
a Ключевые слова Физическая география. Геология. Почвоведение
653 Ключевые слова __
a Ключевые слова Естественные науки
653 Ключевые слова __
a Ключевые слова Учебная и производственная практика географов
653 Ключевые слова __
a Ключевые слова Учебная и производственная (по профилю специальности) практики
700 Другие авторы __
a Другие авторы Тихонова Л. И.
q Полное имя Тихонова Лариса Ивановна
700 Другие авторы __
a Другие авторы Шернина И. С.
q Полное имя Шернина Инна Сергеевна
700 Другие авторы __
a Другие авторы Шилина О. А.
q Полное имя Шилина Ольга Александровна
700 Другие авторы __
a Другие авторы Ружинская Л. А.
q Полное имя Ружинская Любовь Александровна
856 Электронный адрес документа 40
n Местонахождение сервера Юрайт
g Электронная книга
q Тип электронного формата html
h Имя пользователя ЮРАЙТ
v Часы доступа к ресурсу 20271231
2 Способ доступа Показать документ
x Служебное примечание https://urait.ru/book/cover/0AE3DDC9-BB28-435B-81EB-870014B73DF0
u URL https://urait.ru/bcode/588348
856 Электронный адрес документа 48
q Тип электронного формата cover
u URL https://urait.ru/book/cover/0AE3DDC9-BB28-435B-81EB-870014B73DF0
911 __
u 0030=https://urait.ru/bcode/588348
911 __
u 073a=9785534135022
u 073d=809.00
911 __
u 106a=s
911 __
u 900l=
952 Тип литературы __
i Дисциплина Учебная и производственная практика географов
952 Тип литературы __
i Дисциплина Учебная и производственная (по профилю специальности) практики